|
|
|
|
| LEADER |
00000nab#a22000007a#4500 |
| 001 |
arbauad014858 |
| 003 |
AR-BaUAD |
| 005 |
20250711111412.0 |
| 008 |
951031|||||||||###||||||b###|0###a|spa|| |
| 040 |
|
|
|a AR-BaUAD
|c AR-BaUAD
|b spa
|
| 245 |
1 |
0 |
|a Environmental Graphic design
|
| 300 |
0 |
|
|b fot.
|
| 653 |
|
|
|a DISEÑO GRAFICO
|
| 653 |
|
|
|a ARQUIGRAFIA
|
| 773 |
0 |
|
|t HOW
|g [ago. 1995], p. 106-111
|
| 942 |
|
|
|c ARTI
|
| 952 |
|
|
|0 0
|1 0
|4 0
|7 0
|9 59778
|a AR-BAuAD
|b AR-BAuAD
|d 2025-07-11
|l 0
|p AAQA014858
|r 2025-07-11 11:14:12
|w 2025-07-11
|y ARTI
|
| 990 |
|
|
|a DG198
|b TD
|
| 998 |
|
|
|a AAQ
|b BIBUN76
|
| 999 |
|
|
|c 39451
|d 39451
|